00654cam a22002051 450000100060000000300080000600500170001400800410003103500190007204000240009104100080011508200240012310000380014724500400018526000390022530000210026494200120028599900170029795201340031485022BD-RjUL20250621121928.0250621s1949 xx 000 0 eng  a(BD-RjUL)85022 aDLCcTxHUdDLCbeng aeng 221a824.9bHUP 19491 aHuxley, Aldous,d1894-196391098210aProper studiesc/ by Aldous Huxley. aLondon. :bChatto & Windus,c1949. a299 p. ;c19 cm. 2ddccBK c85022d85022 00102ddc40718NFICaRUCLbRUCLcReadingd1956-03-12ePak americanl0o824.9 HUP 1949r2025-06-21 00:00:00tC-1w2025-06-21yBK